| 000 | 01097nam a2200193 a 4500 | ||
|---|---|---|---|
| 001 | 000046064 | ||
| 005 | 20240307073949.0 | ||
| 008 | 150617s1989 dr 000 0 spa d | ||
| 040 |
_aDO-SdBNP _bspa _cBNPHU |
||
| 082 |
_axxxx _bxxxx |
||
| 100 | 1 |
_aVillanueva Collado, Alfredo _974136 |
|
| 245 | 1 | 3 |
_aEl imperio de la papa frita / _cAlfredo Villanueva Collado ; prólogo William Rosa. |
| 246 | 1 | 0 | _aEn el imperio de la papa frita |
| 260 |
_aSanto Domingo : _bUniversitaria-UASD, _c1989. |
||
| 300 |
_a46 p. ; _c21 cm. |
||
| 505 | 0 |
_aPrólogo -- _tEl exiliado -- _tLa calle -- _tEl agregado -- _tBolero -- _tOctava avenida -- _tPlena -- _tAsimilismo -- _tCuarenta y siete octava -- _tMuertos en la calle -- _tUva Playera -- _tMadrugada -- _tLos nombres -- _tRecuerdos de mentira -- _tEstado cincuentaíno -- _tBolero triste -- _tMeditación primera: el camaleón -- _tAlgunas verdades duelen -- _tMeditación segunda: el pitirre -- _tY todo el resto es literatura -- _tDiógenes -- _tRequiém para güiro y órgano. |
|
| 700 | 1 | 2 |
_aRosa, William, _epról. _974137 |
| 710 | 1 | 2 |
_aUniversidad Autónoma de Santo Domingo _972951 |
| 999 |
_c45553 _d45553 |
||